| 000 | 00878nam a2200157Ia 4500 | ||
|---|---|---|---|
| 008 | 220214s9999 xx 000 0 und d | ||
| 100 | _aFletcher W.P. | ||
| 245 | 0 | _aQuantitative characterisation of cure. Part I. Relationship between Modulus and strain in pure gum natural rubber vulcanisates. Part II. Use of modulus as a measure of the state of cure in pure gum natural rubber vulcanisates. Part III. Relationship between compound viscosity and vulcanisate stiffness in pure gum natural rubber vulcanisates. Part IV. Definition and measurement of Rate of cure for pure gum natural rubber compounds (The British Rubber Producers' Research Association, Publication No.157) | |
| 260 |
_bTransactions of the Rubber Industry _c1952 |
||
| 300 | _a73-116 | ||
| 700 | _aBlackwell R.F. | ||
| 700 | _aGee Geofrey | ||
| 700 | _aMorrell S.H. | ||
| 700 | _aMorrell S.H. | ||
| 942 | _cRE | ||
| 999 |
_c45848 _d45848 |
||